A szállodai részlegek közötti kommunikáció fontossága üzemeltetési és vendégelégedettségi szempontból
| Main Author: | |
|---|---|
| Other Authors: | |
| Format: | Project work |
| Kulcsszavak: | értékesítés gyógyturizmus recepció SWOT-elemzés szállodaipar turizmus wellness |
| Online Access: | http://dolgozattar.uni-bge.hu/59726 |
MARC
| LEADER | 00000nnm a2200000 i 4500 | ||
|---|---|---|---|
| 001 | dolg59726 | ||
| 005 | 20260409145459.0 | ||
| 008 | 260409suuuu hu o 000 hun d | ||
| 040 | |a BGE Dolgozattár Repozitórium |b hun | ||
| 041 | |a hu | ||
| 100 | 1 | |a Takács Evelin | |
| 245 | 1 | 2 | |a A szállodai részlegek közötti kommunikáció fontossága üzemeltetési és vendégelégedettségi szempontból |c Takács Evelin |h [elektronikus dokumentum] |
| 516 | |a Project_work | ||
| 520 | 3 | |a Projekmunkám alapjául nagyban szolgált a szakmai gyakorlati helyem, az itt szerzett tapasztalataimat osztottam meg, a témámat pedig ezzel párhuzamba hozva fejtettem ki a kommunikáció fontosságát a szállodai részlegek között, vendégelégedettség és szállodaüzemeltetés céljából. Ahhoz, hogy ezt párhuzamba állítsam a szakmai gyakorlati helyemmel, a gyakorlati helyemen eltöltött hetek alatt ezzel kapcsolatban érdeklődtem a szállodában található részlegek vezetőinél. Az üzemeltetés tekintetében pedig érdemesnek találtam a szállodában rejlő lehetőségeket, veszélyeket, előnyöket és hátrányokat SWOT elemzés segítségével szemléltetni. | |
| 695 | |a értékesítés | ||
| 695 | |a gyógyturizmus | ||
| 695 | |a recepció | ||
| 695 | |a SWOT-elemzés | ||
| 695 | |a szállodaipar | ||
| 695 | |a turizmus | ||
| 695 | |a wellness | ||
| 700 | 1 | |a Sikó Dr. Botond |e ths | |
| 856 | 4 | 0 | |u http://dolgozattar.uni-bge.hu/59726/1/Projektmunka_Tak%C3%A1cs_Evelin_k%C3%A9sz.pdf |z Dokumentum-elérés |
| 856 | 4 | 0 | |u http://dolgozattar.uni-bge.hu/59726/2/Tak%C3%A1cs.pdf |z Dokumentum-elérés |